[Event "56th World U20 ch"]
[Site "Tarvisio ITA"]
[Date "2017.11.20"]
[Round "7.70"]
[White "Terryn, Ezra"]
[Black "De Block, Yordi"]
[Result "1/2-1/2"]
[WhiteElo "1987"]
[BlackElo "2119"]
[EventDate "2017.11.13"]
[PlyCount "76"]

1.e4 e5 2.Nf3 Nf6 3.Nxe5 d6 4.Nf3 Nxe4 5.Qe2 Qe7 6.Nc3 Nxc3 7.Qxe7+ Bxe7 
8.dxc3 O-O 9.Be3 Nc6 10.Be2 Bf5 11.O-O-O h6 12.Nd4 Nxd4 13.Bxd4 Bg5+ 14.
Kb1 Rfe8 15.Bd3 Bxd3 16.Rxd3 b6 17.Be3 Bxe3 18.Rxe3 Re6 19.Rhe1 Rae8 20.
Kc1 Kf8 21.Kd2 Rxe3 22.Rxe3 Rxe3 23.Kxe3 Ke7 24.Ke4 Ke6 25.f3 g5 26.g3 f5+
27.Kd4 c6 28.b3 d5 29.a3 f4 30.g4 c5+ 31.Kd3 Ke5 32.h3 b5 33.Kd2 a5 34.Kd3
c4+ 35.Kd2 a4 36.b4 d4 37.cxd4+ Kxd4 38.c3+ Kd5 $11 1/2-1/2

[Event "56th World U20 ch"]
[Site "Tarvisio ITA"]
[Date "2017.11.20"]
[Round "7.71"]
[White "Araya Pozo, Francisco Javier"]
[Black "Lumachi, Gabriele"]
[Result "0-1"]
[WhiteElo "1416"]
[BlackElo "2111"]
[EventDate "2017.11.13"]
[PlyCount "50"]

1.e4 c6 2.d4 d5 3.Nc3 dxe4 4.Nxe4 Nf6 5.Nxf6+ gxf6 6.Be3 Bf5 7.Bd3 Rg8 8.
g3 Qd5 9.f3 e6 10.Bxf5 Qxf5 11.Qd2 Nd7 12.O-O-O Nb6 13.Qd3 Qd5 14.Kb1 f5 
15.Bf2 O-O-O 16.Ne2 Bh6 17.f4 Bg7 18.Nc3 Qa5 19.Qe2 Rd7 20.Rd2 Rgd8 21.
Rhd1 Bf8 22.Qe5 Qa6 23.Qe2 Nc4 24.Rd3 Bb4 25.b3 Bxc3 0-1

[Event "56th World U20 ch"]
[Site "Tarvisio ITA"]
[Date "2017.11.20"]
[Round "7.72"]
[White "Zenari, Marco"]
[Black "Vangsgard, Bjarke"]
[Result "1-0"]
[WhiteElo "1997"]
[BlackElo "1987"]
[EventDate "2017.11.13"]
[PlyCount "55"]

1.e4 c6 2.d4 d5 3.e5 Bf5 4.h4 h6 5.g4 Be4 6.f3 Bh7 7.e6 Qd6 8.exf7+ Kxf7 
9.Bd3 e5 10.Bxh7 Rxh7 11.Qd3 Nf6 12.dxe5 Qxe5+ 13.Ne2 Bc5 14.Nc3 Nbd7 15.
Bf4 Qe7 16.O-O-O Ne5 17.Qf5 Nxf3 18.g5 hxg5 19.hxg5 Nh4 20.g6+ Nxg6 21.
Rxh7 Be3+ 22.Bxe3 Qxe3+ 23.Kb1 d4 24.Rg1 dxc3 25.Rxg6 Ke8 26.Rgxg7 Nxh7 
27.Qd7+ Kf8 28.Qf7# 1-0

[Event "56th World U20 ch"]
[Site "Tarvisio ITA"]
[Date "2017.11.20"]
[Round "7.73"]
[White "Donati, Michele"]
[Black "Willathgamuwa, Rowan"]
[Result "0-1"]
[WhiteElo "1978"]
[BlackElo "1907"]
[EventDate "2017.11.13"]
[PlyCount "136"]

1.c4 e5 2.g3 Nf6 3.Bg2 d5 4.cxd5 Nxd5 5.Nc3 Nb6 6.Nf3 Nc6 7.O-O Be7 8.d3 
O-O 9.a3 Be6 10.b4 a5 11.b5 Nd4 12.Nd2 c6 13.bxc6 Nxc6 14.Bb2 a4 15.Rc1 f5
16.Nf3 Qd7 17.Qe1 Bf6 18.Rb1 Nd4 19.Nxd4 exd4 20.Nb5 Ba2 21.Ra1 Bd5 22.
Bxd5+ Nxd5 23.Nxd4 Nf4 24.gxf4 Bxd4 25.Bxd4 Qxd4 26.Qd2 Ra6 27.Qe3 Rg6+ 
28.Kh1 Qd5+ 29.f3 Re6 30.Qd2 Rfe8 31.Rf2 Qd4 32.Raf1 Re3 33.Rb1 Qxf4 34.
Rxb7 Qh4 35.Qc3 R3e7 36.Rxe7 Rxe7 37.Qc8+ Kf7 38.Qxf5+ Kg8 39.Qc8+ Kf7 40.
Qc5 Qf4 41.e4 Rc7 42.Qd5+ Ke7 43.Kg2 Rd7 44.Qc5+ Kf6 45.d4 h5 46.Qc6+ Ke7 
47.Qg6 Kd8 48.d5 h4 49.Qb6+ Ke8 50.Qe6+ Re7 51.Qg6+ Kd8 52.Qb6+ Ke8 53.
Qc6+ Kf7 54.d6 h3+ 55.Kf1 Re6 56.Qc7+ Kg6 57.Qc8 Qxd6 58.Kg1 Kh7 59.Qc4 
Rg6+ 60.Kh1 Qxa3 61.Qe2 Rc6 62.Rf1 Qc3 63.e5 a3 64.e6 a2 65.Qxa2 Qxf3+ 66.
Kg1 Qg4+ 67.Kh1 Qe4+ 68.Kg1 Rc2 0-1

[Event "56th World U20 ch"]
[Site "Tarvisio ITA"]
[Date "2017.11.20"]
[Round "7.74"]
[White "Chan Sheng Liang, Bernard"]
[Black "Posocco, Dennis"]
[Result "1-0"]
[WhiteElo "1698"]
[BlackElo "1564"]
[EventDate "2017.11.13"]
[PlyCount "39"]

1.d4 d5 2.Bf4 Bf5 3.e3 Nf6 4.Nf3 e6 5.c4 c6 6.Qb3 b6 7.Nc3 Nbd7 8.Rc1 Be7 
9.Qa4 Nh5 10.Qxc6 Nxf4 11.exf4 Rc8 12.Qa4 Qc7 13.Ne5 f6 14.Qxd7+ Qxd7 15.
Nxd7 Kxd7 16.cxd5 exd5 17.Kd2 Bb4 18.Bd3 Bxc3+ 19.Rxc3 Rxc3 20.Bxf5+ 1-0

[Event "56th World U20 ch"]
[Site "Tarvisio ITA"]
[Date "2017.11.21"]
[Round "8.1"]
[White "Oparin, Grigory"]
[Black "Tari, Aryan"]
[Result "0-1"]
[WhiteElo "2606"]
[BlackElo "2581"]
[EventDate "2017.11.13"]
[PlyCount "52"]

1.e4 c6 2.d4 d5 3.e5 Bf5 4.g4 Bg6 5.e6 Qd6 6.exf7+ Bxf7 7.f4 Nf6 8.Nc3 
Nbd7 9.Bh3 g5 10.fxg5 Ne4 11.Nge2 Bg7 12.O-O O-O 13.Be3 Nb6 14.Bf4 Nxc3 
15.bxc3 e5 16.Bg3 Nc4 17.Rf5 Bg6 18.Qd3 Qe7 19.dxe5 Nxe5 20.Qe3 Bxf5 21.
gxf5 Qxg5 22.Nf4 Rae8 23.Qe2 Ng6 24.Ne6 Nf4 25.Qg4 Nxh3+ 26.Qxh3 Qxf5 0-1

[Event "56th World U20 ch"]
[Site "Tarvisio ITA"]
[Date "2017.11.21"]
[Round "8.2"]
[White "Dragnev, Valentin"]
[Black "Alexeenko, Kiril"]
[Result "0-1"]
[WhiteElo "2461"]
[BlackElo "2563"]
[EventDate "2017.11.13"]
[PlyCount "82"]

1.e4 c5 2.Nf3 Nc6 3.Bb5 g6 4.O-O Bg7 5.Nc3 e5 6.a3 Nge7 7.b4 d6 8.bxc5 
dxc5 9.d3 O-O 10.Bg5 h6 11.Bxe7 Nxe7 12.Bc4 Kh7 13.Re1 Qd6 14.Rb1 f5 15.
Nb5 Qb8 16.a4 Bd7 17.exf5 gxf5 18.h4 Be8 19.Qe2 Nc6 20.c3 a6 21.Na3 Qc7 
22.Ba2 Bg6 23.Bd5 Rae8 24.Nc4 e4 25.dxe4 Bxc3 26.Rec1 fxe4 27.h5 Bf5 28.
Nh4 Bd4 29.Ne3 Bc8 30.Qc2 Kg7 31.Ng6 Rf6 32.Bxe4 Qf7 33.Bf3 Rxf3 34.gxf3 
Qxf3 35.Nh4 Qxh5 36.Nhf5+ Kh8 37.Ng3 Qh3 38.Rb3 Bxe3 39.Rxe3 Rxe3 40.Qxc5 
Re8 41.Qc3+ Kg8 0-1

[Event "56th World U20 ch"]
[Site "Tarvisio ITA"]
[Date "2017.11.21"]
[Round "8.3"]
[White "Praggnanandhaa, R."]
[Black "Liang, Awonder"]
[Result "1-0"]
[WhiteElo "2509"]
[BlackElo "2558"]
[EventDate "2017.11.13"]
[PlyCount "157"]

1.e4 e5 2.Nf3 Nc6 3.Bc4 Bc5 4.c3 Nf6 5.d3 d6 6.Bb3 O-O 7.Bg5 Be6 8.Nbd2 
Bxb3 9.Qxb3 Bb6 10.Nc4 Qe7 11.a4 Nd8 12.O-O h6 13.Bh4 c6 14.Nxb6 axb6 15.
Bxf6 Qxf6 16.Qxb6 Ne6 17.Qe3 Ra6 18.Ra3 Rfa8 19.Rfa1 Nc5 20.b3 Qe6 21.Nd2 
Nd7 22.b4 b6 23.d4 d5 24.exd5 Qxd5 25.Nf3 exd4 26.Qxd4 Qxd4 27.Nxd4 Ne5 
28.R3a2 c5 29.Nf5 cxb4 30.cxb4 Nd3 31.Ne7+ Kh7 32.Nd5 R6a7 33.Ra3 Ne5 34.
Nxb6 Rd8 35.a5 Nc6 36.Rb3 Rd4 37.Rab1 Re7 38.h3 Re2 39.a6 Rdd2 40.Nc4 Ra2 
41.b5 Nd4 42.Ra3 Rxf2 43.Rxa2 Rxa2 44.b6 Rxa6 45.b7 Nc6 46.b8=Q Nxb8 47.
Rxb8 Ra7 48.Rb6 Re7 49.Kf2 g6 50.Rd6 Kg7 51.Nb6 Rb7 52.Kf3 Rb8 53.Nd5 Rb7 
54.Ne3 Ra7 55.Nc4 Re7 56.Rd5 Kf6 57.Rc5 Kg7 58.Ne5 Kf6 59.Kf4 Ra7 60.Rc6+ 
Kg7 61.Rc4 Ra2 62.g4 Rf2+ 63.Nf3 Ra2 64.h4 Ra1 65.Rb4 Rc1 66.Rd4 Ra1 67.
Rd7 Ra4+ 68.Nd4 Ra1 69.Rb7 Rf1+ 70.Nf3 Rf2 71.Rd7 Kg8 72.Ke3 Rf1 73.Ne5 
Rh1 74.Nxf7 Rxh4 75.Ne5 g5 76.Ke4 h5 77.Kf5 hxg4 78.Kg6 Kf8 79.Nc6 1-0

[Event "56th World U20 ch"]
[Site "Tarvisio ITA"]
[Date "2017.11.21"]
[Round "8.4"]
[White "Sorokin, Alexei"]
[Black "Xu Xiangyu"]
[Result "1/2-1/2"]
[WhiteElo "2483"]
[BlackElo "2543"]
[EventDate "2017.11.13"]
[PlyCount "60"]

1.d4 d5 2.c4 dxc4 3.e3 Nf6 4.Bxc4 e6 5.Nf3 c5 6.O-O Nc6 7.Qe2 a6 8.Rd1 b5 
9.dxc5 Qc7 10.Bd3 Bxc5 11.Nbd2 Bb7 12.b3 Nb4 13.Bb1 O-O 14.Bb2 Be7 15.a3 
Nbd5 16.Rc1 Qd7 17.Ne5 Qd6 18.Bd3 Rfc8 19.Ndf3 Rxc1+ 20.Rxc1 h6 21.Bb1 Rd8
22.h3 Nb6 23.e4 Nbd7 24.Nxd7 Qxd7 25.b4 Ne8 26.Be5 Bf6 27.Bxf6 Nxf6 28.Qe3
Rc8 29.Rxc8+ Qxc8 30.Nd4 Qc7 1/2-1/2

[Event "56th World U20 ch"]
[Site "Tarvisio ITA"]
[Date "2017.11.21"]
[Round "8.5"]
[White "Tran Tuan Minh"]
[Black "Lomasov, Semen"]
[Result "1/2-1/2"]
[WhiteElo "2538"]
[BlackElo "2490"]
[EventDate "2017.11.13"]
[PlyCount "62"]

1.d4 e6 2.c4 Nf6 3.Nf3 Bb4+ 4.Bd2 Qe7 5.g3 Bxd2+ 6.Qxd2 Nc6 7.b3 d5 8.Bg2 
O-O 9.O-O Rd8 10.Qb2 a5 11.e3 a4 12.Nc3 a3 13.Qc1 Bd7 14.Rd1 Be8 15.Ne1 
Nb4 16.Nc2 Nxc2 17.Qxc2 b6 18.Rd2 Rac8 19.e4 dxe4 20.Nxe4 Nxe4 21.Qxe4 Rd6
22.Rad1 Rcd8 23.Qb7 e5 24.d5 Bc6 25.Qxc6 Rxc6 26.dxc6 Rd4 27.Rxd4 exd4 28.
Rxd4 Qe1+ 29.Bf1 g5 30.Rd8+ Kg7 31.Ra8 Qe4 1/2-1/2

[Event "56th World U20 ch"]
[Site "Tarvisio ITA"]
[Date "2017.11.21"]
[Round "8.6"]
[White "Karthikeyan, Murali"]
[Black "Gagare, Shardul"]
[Result "1-0"]
[WhiteElo "2578"]
[BlackElo "2482"]
[EventDate "2017.11.13"]
[PlyCount "89"]

1.e4 e5 2.Nf3 Nc6 3.Bb5 a6 4.Ba4 Nf6 5.d3 b5 6.Bb3 Be7 7.Nc3 d6 8.a3 O-O 
9.Nd5 Nxd5 10.Bxd5 Bd7 11.h4 Rb8 12.Ng5 Bxg5 13.hxg5 g6 14.f4 exf4 15.Bxf4
Ne5 16.d4 Nc4 17.Qf3 Be6 18.O-O-O Qd7 19.Rxh7 Kxh7 20.Rh1+ Kg8 21.Be5 f5 
22.Rh8+ Kf7 23.Rh7+ Ke8 24.Rxd7 Nxe5 25.dxe5 Kxd7 26.Qc3 c5 27.Qa5 Bxd5 
28.exd5 dxe5 29.Qxa6 Rfe8 30.Qc6+ Kd8 31.Qd6+ Kc8 32.Qxc5+ Kd8 33.Qd6+ Kc8
34.Qxg6 Kb7 35.Qc6+ Ka7 36.d6 Rec8 37.Qd5 Rb7 38.Qxe5 Rd7 39.g6 Kb6 40.b4 
Ka6 41.a4 Rb8 42.g7 Rdd8 43.axb5+ Rxb5 44.Qe2 Rg8 45.d7 1-0

[Event "56th World U20 ch"]
[Site "Tarvisio ITA"]
[Date "2017.11.21"]
[Round "8.7"]
[White "Triapishko, Alexander"]
[Black "Aravindh, Chithambaram"]
[Result "1/2-1/2"]
[WhiteElo "2508"]
[BlackElo "2572"]
[EventDate "2017.11.13"]
[PlyCount "88"]

1.e4 c5 2.Nf3 d6 3.d4 Nf6 4.Nc3 cxd4 5.Nxd4 a6 6.Be3 e5 7.Nf3 Be7 8.Bc4 
O-O 9.O-O Nc6 10.Bg5 Be6 11.Bb3 Nd7 12.Bxe7 Qxe7 13.Qd2 Nc5 14.Rad1 Rad8 
15.Qe3 Nxb3 16.axb3 f5 17.Nd5 Qd7 18.Nb6 Qe7 19.Nd5 Qd7 20.Nb6 Qe8 21.exf5
Rxf5 22.Ng5 d5 23.f4 h6 24.Nxe6 Qxe6 25.g4 Rf6 26.f5 Qf7 27.c4 d4 28.Qe1 
Ne7 29.Na4 Nxf5 30.gxf5 Rxf5 31.Rxf5 Qxf5 32.Nc5 Qg4+ 33.Kh1 Qf3+ 34.Kg1 
Rd6 35.Ne4 Rg6+ 36.Ng3 h5 37.Rd2 h4 38.Qxe5 hxg3 39.h3 d3 40.Qd5+ Qxd5 41.
cxd5 Kf7 42.Kg2 $11 Kf6 43.Rxd3 Ke5 44.h4 a5 $11 1/2-1/2

[Event "56th World U20 ch"]
[Site "Tarvisio ITA"]
[Date "2017.11.21"]
[Round "8.8"]
[White "Petrosian, Manuel"]
[Black "Gholami, Aryan"]
[Result "1-0"]
[WhiteElo "2554"]
[BlackElo "2483"]
[EventDate "2017.11.13"]
[PlyCount "113"]

1.d4 Nf6 2.Nf3 g6 3.e3 Bg7 4.Be2 O-O 5.O-O d5 6.b4 c6 7.Nbd2 a5 8.b5 c5 9.
c4 Nbd7 10.Bb2 cxd4 11.Bxd4 b6 12.cxd5 Nxd5 13.Bxg7 Kxg7 14.Nc4 Bb7 15.
Qd4+ f6 16.Ng5 Nc5 17.Qxc5 bxc5 18.Ne6+ Kf7 19.Nxd8+ Rfxd8 20.Bf3 e6 21.
Rfc1 Ke7 22.a3 a4 23.Rab1 Rdb8 24.h4 Nc7 25.Bxb7 Rxb7 26.b6 Nd5 27.e4 Nf4 
28.Kf1 Ra6 29.Rb5 Nd3 30.Rcb1 Rb8 31.Na5 Ke8 32.Nc6 Rb7 33.Ke2 Nf4+ 34.Kd2
e5 35.Kc3 Kd7 36.Na5 Rb8 37.b7 Ne6 38.Kc4 Kc7 39.Rd1 h5 40.g3 Re8 41.Rd5 
Kb8 42.Rd7 f5 43.Kc3 fxe4 44.Nc4 Rd8 45.Nb6 Ka7 46.Kc4 Re8 47.Nc8+ Kb8 48.
Nd6 Rd8 49.Rxd8+ Nxd8 50.Nxe4 Ne6 51.Rb2 Nd4 52.Nxc5 Rd6 53.Nxa4 Ne6 54.
Rb6 Rxb6 55.Nxb6 Kxb7 56.Nd7 g5 57.Nc5+ 1-0

[Event "56th World U20 ch"]
[Site "Tarvisio ITA"]
[Date "2017.11.21"]
[Round "8.9"]
[White "Zanan, Evgeny"]
[Black "Bai Jinshi"]
[Result "0-1"]
[WhiteElo "2471"]
[BlackElo "2553"]
[EventDate "2017.11.13"]
[PlyCount "78"]

1.Nf3 Nf6 2.c4 c6 3.b3 d5 4.Bb2 Bf5 5.e3 e6 6.Be2 Bd6 7.Nh4 Bxb1 8.Qxb1 
Nbd7 9.Qc2 O-O 10.O-O a5 11.a3 Qe7 12.d4 c5 13.dxc5 Bxc5 14.cxd5 Nxd5 15.
Nf3 Rfd8 16.Qe4 h6 17.Nd4 N7f6 18.Qh4 Rac8 19.Nb5 Nc7 20.Nd4 Ncd5 21.Nf3 
Ba7 22.Rac1 Rxc1 23.Rxc1 Nxe3 24.fxe3 Bxe3+ 25.Kh1 Bxc1 26.Bxc1 Rc8 27.Qe1
Qc5 28.Bb2 Ne4 29.Bd4 Qxa3 30.Bc4 b5 31.Qxe4 bxc4 32.bxc4 Qc1+ 33.Ng1 Qxc4
34.Qe5 f6 35.Qd6 Qd5 36.Qe7 Rc2 37.Nf3 Qxd4 38.Qxe6+ Kh8 39.Qe1 Qg4 0-1

[Event "56th World U20 ch"]
[Site "Tarvisio ITA"]
[Date "2017.11.21"]
[Round "8.10"]
[White "Shevchenko, Kirill"]
[Black "Salomon, Johan"]
[Result "1/2-1/2"]
[WhiteElo "2550"]
[BlackElo "2476"]
[EventDate "2017.11.13"]
[PlyCount "109"]

1.e4 c5 2.Nf3 d6 3.Bb5+ Nd7 4.Ba4 Nf6 5.O-O a6 6.c4 g6 7.Nc3 Bg7 8.d3 O-O 
9.h3 Rb8 10.Be3 Qa5 11.Bxd7 Bxd7 12.d4 cxd4 13.Bxd4 Be6 14.Qe2 Rbc8 15.Nd5
Bxd5 16.cxd5 Qb4 17.Rac1 Bh6 18.Rc2 Qb5 19.Qxb5 axb5 20.Rxc8 Rxc8 21.Bxf6 
exf6 22.Nd4 b4 23.Rd1 Rc5 24.Nb3 Rc2 25.Rd4 Rxb2 26.Rxb4 Rxa2 27.Rxb7 Ra4 
28.Rb8+ Kg7 29.Re8 f5 30.exf5 gxf5 31.Rd8 Rb4 32.Na5 Rb5 33.Nc4 Rxd5 34.
Rxd6 Rxd6 35.Nxd6 Kf6 36.Kf1 Bf4 37.Nc4 Bb8 38.Ke2 Bc7 39.Kd3 Ke6 40.Nd2 
Bb6 41.Ke2 Ba7 42.Kf3 Kf6 43.Nf1 Bc5 44.Ng3 Ba7 45.Ne2 Kg5 46.Nc3 Kf6 47.
Kg3 Bc5 48.Ne2 Kg5 49.Nc1 Bd6+ 50.Kf3 Kf6 51.Nd3 Bb8 52.Ke2 Ba7 53.f4 Ke6 
54.Kf3 Bd4 55.Kg3 $11 1/2-1/2

[Event "56th World U20 ch"]
[Site "Tarvisio ITA"]
[Date "2017.11.21"]
[Round "8.11"]
[White "Liu Yan"]
[Black "Moroni, Luca jr"]
[Result "1-0"]
[WhiteElo "2422"]
[BlackElo "2506"]
[EventDate "2017.11.13"]
[PlyCount "103"]

1.d4 Nf6 2.Nf3 e6 3.e3 c5 4.c4 b6 5.Nc3 cxd4 6.Nxd4 Bb7 7.f3 Nc6 8.Be2 
Nxd4 9.Qxd4 Bc5 10.Qd2 O-O 11.O-O d5 12.cxd5 exd5 13.Nb5 Qe7 14.Nd4 Rac8 
15.a3 a5 16.b3 Rc7 17.Rb1 Qe5 18.b4 axb4 19.axb4 Bd6 20.f4 Qe7 21.Nf5 Qe6 
22.Nxd6 Qxd6 23.Bb2 Ne4 24.Qd4 f6 25.Rbd1 Re8 26.Bb5 Ree7 27.Bd3 Qc6 28.b5
Qc5 29.Rc1 Qd6 30.Rxc7 Qxc7 31.Ba3 Re8 32.Rc1 Qd8 33.Bb4 Nd6 34.h3 Ne4 35.
Rc2 Nd6 36.Kh2 Ne4 37.Ra2 Qc7 38.Ra7 Nf2 39.Bf5 g6 40.Qxf6 gxf5 41.Bc3 Re7
42.Qh8+ Kf7 43.Bb4 Rd7 44.Qxh7+ Kf6 45.Bc3+ d4 46.Bxd4+ Ke6 47.Qg6+ Ke7 
48.Bf6+ Kf8 49.Be5 Qd8 50.Qh6+ Kf7 51.Qh5+ Ke6 52.Rxb7 1-0

[Event "56th World U20 ch"]
[Site "Tarvisio ITA"]
[Date "2017.11.21"]
[Round "8.12"]
[White "Li Di"]
[Black "Van Foreest, Jorden"]
[Result "0-1"]
[WhiteElo "2479"]
[BlackElo "2616"]
[EventDate "2017.11.13"]
[PlyCount "78"]

1.Nf3 d5 2.e3 Nf6 3.c4 c6 4.Nc3 a6 5.d4 Bf5 6.Bd3 g6 7.O-O e6 8.b3 Nbd7 9.
Bb2 Bb4 10.Ne2 Bd6 11.Ne5 Qc7 12.f4 Bxd3 13.Qxd3 Ne4 14.Nxd7 Qxd7 15.Nc3 
f5 16.Nxe4 fxe4 17.Qe2 O-O 18.a4 Rf6 19.c5 Bc7 20.Bc3 Raf8 21.a5 Kh8 22.
Kh1 Qf7 23.Rf2 g5 24.g3 Rg8 25.Rg1 Qg6 26.Rgg2 Qh6 27.Be1 Qh3 28.fxg5 Rf5 
29.Rf4 Rfxg5 30.Rh4 Qf5 31.Rf2 Qg6 32.Qf1 Bxg3 33.hxg3 Rxg3 34.Rxh7+ Qxh7+
35.Rh2 Rf3 36.Bf2 Rg6 37.Rxh7+ Kxh7 38.Kh2 Rgf6 39.Qh1 Rh6+ 0-1

[Event "56th World U20 ch"]
[Site "Tarvisio ITA"]
[Date "2017.11.21"]
[Round "8.13"]
[White "Livaic, Leon"]
[Black "Svane, Rasmus"]
[Result "0-1"]
[WhiteElo "2470"]
[BlackElo "2587"]
[EventDate "2017.11.13"]
[PlyCount "64"]

1.d4 Nf6 2.c4 e6 3.Nf3 Bb4+ 4.Nbd2 O-O 5.a3 Be7 6.e4 d6 7.Be2 Nfd7 8.O-O 
e5 9.Nb1 exd4 10.Nxd4 Nc6 11.Be3 Bf6 12.Nc3 Nc5 13.Rb1 Re8 14.f3 Be5 15.g3
Nxd4 16.Bxd4 Qf6 17.Bxe5 dxe5 18.Nd5 Qd8 19.b4 Ne6 20.c5 Nd4 21.f4 c6 22.
Ne3 exf4 23.Rxf4 g5 24.Rf2 Rxe4 25.Bd3 Rxe3 26.Bxh7+ Kg7 27.Qh5 Be6 28.
Rbf1 Ne2+ 29.Rxe2 Rxe2 30.Qxe2 Kxh7 31.h4 Qd4+ 32.Kh2 Kg7 0-1

[Event "56th World U20 ch"]
[Site "Tarvisio ITA"]
[Date "2017.11.21"]
[Round "8.15"]
[White "Vaibhav, Suri"]
[Black "Christiansen, Johan-Sebastian"]
[Result "1-0"]
[WhiteElo "2560"]
[BlackElo "2468"]
[EventDate "2017.11.13"]
[PlyCount "71"]

1.Nf3 d5 2.g3 Nc6 3.d4 Bg4 4.Bg2 Qd7 5.O-O O-O-O 6.c4 dxc4 7.Nbd2 Nh6 8.
Qc2 Nf5 9.e3 f6 10.Nxc4 Nd6 11.Nxd6+ Qxd6 12.Bd2 h5 13.b4 e6 14.Rfc1 g5 
15.Rab1 Kb8 16.a4 Ne7 17.b5 Nc8 18.a5 h4 19.Nxg5 Bf5 20.e4 hxg3 21.hxg3 
fxg5 22.exf5 exf5 23.a6 Bg7 24.Bxg5 Bxd4 25.Bf4 Be5 26.axb7 Nb6 27.Bxe5 
Qxe5 28.Ra1 Rd4 29.Rxa7 Kxa7 30.Ra1+ Na4 31.Rxa4+ Rxa4 32.Qxa4+ Kb6 33.
Qa6+ Kc5 34.Qa7+ Kb4 35.b8=Q Qe1+ 36.Bf1 1-0

[Event "56th World U20 ch"]
[Site "Tarvisio ITA"]
[Date "2017.11.21"]
[Round "8.16"]
[White "Kobo, Ori"]
[Black "Sanal, Vahap"]
[Result "1-0"]
[WhiteElo "2460"]
[BlackElo "2557"]
[EventDate "2017.11.13"]
[PlyCount "63"]

1.e4 e5 2.Nf3 Nc6 3.Nc3 Nf6 4.Bb5 Bd6 5.d3 O-O 6.a3 Re8 7.Bc4 Bf8 8.Ng5 
Re7 9.Nd5 Nxd5 10.exd5 h6 11.dxc6 d5 12.cxb7 Bxb7 13.Ba2 hxg5 14.Bxg5 f6 
15.Be3 g6 16.Qf3 Bg7 17.h4 Qd7 18.h5 g5 19.h6 Bh8 20.h7+ Rxh7 21.Rxh7 Kxh7
22.O-O-O Kg8 23.d4 g4 24.Qg3 Bg7 25.f3 gxf3 26.gxf3 Re8 27.Rg1 c6 28.c3 
Kf8 29.Bb1 Re7 30.dxe5 Rxe5 31.Bc5+ Kg8 32.Qg6 1-0

[Event "56th World U20 ch"]
[Site "Tarvisio ITA"]
[Date "2017.11.21"]
[Round "8.17"]
[White "Yuffa, Daniil"]
[Black "Kevlishvili, Robby"]
[Result "0-1"]
[WhiteElo "2527"]
[BlackElo "2445"]
[EventDate "2017.11.13"]
[PlyCount "78"]

1.Nf3 d5 2.c4 c6 3.e3 Nf6 4.Nc3 e6 5.b3 Nbd7 6.Qc2 a6 7.Bb2 b5 8.d4 Bb7 9.
c5 g6 10.Bd3 Bg7 11.b4 a5 12.a3 O-O 13.O-O Qc7 14.h3 Nb8 15.Ne2 Na6 16.
bxa5 Nd7 17.Bc3 e5 18.dxe5 Naxc5 19.Bb4 Nxd3 20.Bxf8 Bxf8 21.Qxd3 Nxe5 22.
Nxe5 Qxe5 23.Nd4 Rxa5 24.Rfc1 Bd6 25.f4 Qe8 26.Nb3 Ra8 27.Rc2 Bc8 28.Nd4 
Bd7 29.Kf2 c5 30.Nf3 Bf5 31.Qxd5 Bxc2 32.Qxd6 b4 33.Qxc5 b3 34.Qc3 Rc8 35.
Qb2 Qe4 36.Nd4 Qd3 37.Kf3 Qd2 38.Kg3 Qxe3+ 39.Nf3 Qc3 0-1

[Event "56th World U20 ch"]
[Site "Tarvisio ITA"]
[Date "2017.11.21"]
[Round "8.18"]
[White "Kantor, Gergely"]
[Black "Tin Jingyao"]
[Result "1-0"]
[WhiteElo "2514"]
[BlackElo "2404"]
[EventDate "2017.11.13"]
[PlyCount "49"]

1.d4 Nf6 2.c4 e6 3.g3 c5 4.Nf3 cxd4 5.Nxd4 d5 6.Bg2 e5 7.Nf3 d4 8.O-O Nc6 
9.e3 Be7 10.exd4 exd4 11.Bf4 O-O 12.Ne5 Qb6 13.Re1 Be6 14.Nd2 Rac8 15.Qb3 
Nh5 16.Nxc6 bxc6 17.Be5 Qa5 18.Qd1 g6 19.Nb3 Qa6 20.Nxd4 Rfd8 21.Qf3 Rxd4 
22.Bxd4 c5 23.Bc3 Qxc4 24.Qb7 Bd6 25.Rad1 1-0

[Event "56th World U20 ch"]
[Site "Tarvisio ITA"]
[Date "2017.11.21"]
[Round "8.19"]
[White "Zhao Yuanhe"]
[Black "Bellahcene, Bilel"]
[Result "1-0"]
[WhiteElo "2377"]
[BlackElo "2510"]
[EventDate "2017.11.13"]
[PlyCount "64"]

1.c4 e6 2.Nf3 d5 3.g3 Nf6 4.Bg2 dxc4 5.Qa4+ c6 6.Qxc4 b5 7.Qc2 Bb7 8.d4 
Nbd7 9.a4 b4 10.O-O c5 11.dxc5 Bxc5 12.Nfd2 Rc8 13.Nc4 Ba6 14.b3 Bxc4 15.
bxc4 Bd4 16.Ra2 Qc7 17.Nd2 O-O 18.a5 Ng4 19.Qe4 Bxf2+ 20.Rxf2 Ndf6 21.Rxf6
Qc5+ 22.Kh1 Nxf6 23.Qf3 Rfd8 24.h3 Nd7 25.Kh2 Ne5 26.Qb3 Nc6 27.Ne4 Qe7 
28.Be3 Nd4 29.Bxd4 Rxd4 30.c5 Qc7 31.Nd6 Rb8 32.e4 Qxc5 {... 39 moves} 1-0

[Event "56th World U20 ch"]
[Site "Tarvisio ITA"]
[Date "2017.11.21"]
[Round "8.20"]
[White "Narayanan, Sunilduth Lyna"]
[Black "Begmuratov, Alisher"]
[Result "1-0"]
[WhiteElo "2585"]
[BlackElo "2401"]
[EventDate "2017.11.13"]
[PlyCount "65"]

1.e4 c5 2.Nf3 Nc6 3.d4 cxd4 4.Nxd4 Nf6 5.Nc3 e5 6.Ndb5 d6 7.Bg5 a6 8.Na3 
b5 9.Bxf6 gxf6 10.Nd5 f5 11.g3 fxe4 12.Bg2 Bf5 13.f3 Bg7 14.fxe4 Be6 15.
O-O O-O 16.Kh1 Ne7 17.Ne3 Qb6 18.Nf5 Bxf5 19.exf5 d5 20.c3 b4 21.Nc4 Qh6 
22.Qe2 bxc3 23.bxc3 e4 24.Ne3 Bf6 25.Rad1 Rab8 26.Qxa6 Ra8 27.Qe2 Ra3 28.
Ng4 Qg5 29.c4 dxc4 30.Rd6 Bc3 31.h4 Rxa2 32.Qxe4 Qh5 33.Rh6 1-0

[Event "56th World U20 ch"]
[Site "Tarvisio ITA"]
[Date "2017.11.21"]
[Round "8.21"]
[White "Bersamina, Paulo"]
[Black "Donchenko, Alexander"]
[Result "1/2-1/2"]
[WhiteElo "2404"]
[BlackElo "2567"]
[EventDate "2017.11.13"]
[PlyCount "119"]

1.Nf3 b6 2.d4 Bb7 3.Bf4 Nf6 4.h3 c5 5.e3 g6 6.Be2 Bg7 7.O-O O-O 8.a4 Nc6 
9.c3 d6 10.Bh2 Re8 11.Nbd2 Qc7 12.e4 e5 13.dxe5 dxe5 14.Re1 Rad8 15.Qc2 
Nh5 16.Bf1 Nf4 17.Nc4 h6 18.Rad1 Ne7 19.Ne3 Qb8 20.Nc4 g5 21.Ne3 Bc8 22.
Bc4 Be6 23.Bxe6 fxe6 24.h4 gxh4 25.Nxh4 Neg6 26.Nxg6 Nxg6 27.Qe2 Qb7 28.
Nc4 Qe7 29.Qh5 Qf6 30.Bg3 Rf8 31.Rxd8 Rxd8 32.Rd1 Rxd1+ 33.Qxd1 Kh7 34.Qg4
Qe7 35.Qh5 Qd7 36.Bxe5 Qxa4 37.Bxg7 Kxg7 38.Qe2 Qa6 39.Qd3 Qb7 40.g3 Qe7 
41.f4 h5 42.f5 exf5 43.exf5 Qe1+ 44.Kg2 Ne5 45.Nxe5 Qxe5 46.Qf3 Kf6 47.
Qxh5 Qxf5 48.Qxf5+ Kxf5 49.Kf3 b5 50.g4+ Ke5 51.b4 c4 52.Ke3 a6 53.Kf3 Kf6
54.Kf4 Kg6 55.g5 Kg7 56.Kf5 Kf7 57.Ke5 Kg6 58.Kf4 Kg7 59.Ke5 Kg6 60.Kf4 
$11 1/2-1/2

[Event "56th World U20 ch"]
[Site "Tarvisio ITA"]
[Date "2017.11.21"]
[Round "8.22"]
[White "Boruchovsky, Avital"]
[Black "Peng Xiongjian"]
[Result "1-0"]
[WhiteElo "2565"]
[BlackElo "2412"]
[EventDate "2017.11.13"]
[PlyCount "92"]

1.e4 e5 2.Nf3 Nc6 3.Bb5 a6 4.Ba4 Nf6 5.O-O Be7 6.Re1 b5 7.Bb3 d6 8.c3 O-O 
9.h3 Bb7 10.d4 Re8 11.Nbd2 exd4 12.cxd4 Nd7 13.Nf1 Na5 14.Bc2 Bf6 15.Ng3 
g6 16.Rb1 c5 17.d5 Nc4 18.b3 Ncb6 19.Bf4 Qe7 20.Qd2 b4 21.Re3 a5 22.Rbe1 
Bc3 23.Rxc3 bxc3 24.Qxc3 Ne5 25.Nh2 a4 26.Bd2 axb3 27.axb3 Qf6 28.Bb1 c4 
29.Qb4 Qd8 30.f4 Nd3 31.Bxd3 cxd3 32.Ng4 h5 33.Nh6+ Kg7 34.f5 Nxd5 35.Qxb7
Qb6+ 36.Qxb6 Nxb6 37.f6+ Kf8 38.Re3 Re6 39.Rxd3 Rxf6 40.Bc3 Re6 41.Rf3 Re7
42.e5 Nd5 43.exd6 Rd7 44.Bd4 Rb8 45.Nxh5 gxh5 46.Rg3 {... 65 moves} 46...
Ne7 1-0

[Event "56th World U20 ch"]
[Site "Tarvisio ITA"]
[Date "2017.11.21"]
[Round "8.23"]
[White "Acosta, Pablo Ismael"]
[Black "Ladva, Ottomar"]
[Result "0-1"]
[WhiteElo "2402"]
[BlackElo "2543"]
[EventDate "2017.11.13"]
[PlyCount "68"]

1.d4 Nf6 2.Nf3 e6 3.c4 a6 4.g3 b5 5.b3 Bb7 6.Bg2 c5 7.e3 Be7 8.O-O O-O 9.
Bb2 Qb6 10.Nbd2 d6 11.Qe2 Ne4 12.Rfd1 Nxd2 13.Nxd2 Bxg2 14.Kxg2 cxd4 15.
Bxd4 Qb7+ 16.Qf3 Qxf3+ 17.Kxf3 Nc6 18.Ke2 Rfc8 19.a4 bxc4 20.bxc4 f5 21.
Rab1 Rab8 22.Bc3 Kf7 23.e4 g6 24.f3 Bf6 25.Kd3 Bxc3 26.Kxc3 Ne5 27.Rxb8 
Rxb8 28.f4 Nd7 29.exf5 gxf5 30.Nb3 Nf6 31.Nd2 a5 32.Rb1 Ne4+ 33.Kd4 Rxb1 
34.Nxb1 h5 {... 63 moves} 0-1

[Event "56th World U20 ch"]
[Site "Tarvisio ITA"]
[Date "2017.11.21"]
[Round "8.24"]
[White "Sarana, Alexei"]
[Black "Krishna Teja, N."]
[Result "1-0"]
[WhiteElo "2543"]
[BlackElo "2363"]
[EventDate "2017.11.13"]
[PlyCount "120"]

1.d4 Nf6 2.c4 e6 3.Nf3 b6 4.g3 Bb7 5.Bg2 Be7 6.Nc3 Ne4 7.Bd2 Bf6 8.O-O O-O
9.Ne5 Nxc3 10.Bxc3 Bxg2 11.Kxg2 c5 12.dxc5 bxc5 13.Qd6 Qb6 14.Rad1 Qxd6 
15.Rxd6 Be7 16.Rd2 d6 17.Nd3 Nc6 18.e4 f6 19.Ne1 f5 20.exf5 Rxf5 21.Nc2 
Raf8 22.f4 Rb8 23.Re1 Nd8 24.Ne3 Rf7 25.Ng4 Bf8 26.Nf2 Rfb7 27.Ne4 Nf7 28.
b3 Rb6 29.Rf1 Ra8 30.Ba5 Ra6 31.Bc3 Rb6 32.Bb2 Be7 33.f5 exf5 34.Rxf5 Rb7 
35.Rdf2 Bf8 36.R5f4 Nh6 37.Nc3 Rf7 38.Rxf7 Nxf7 39.Re2 Ne5 40.Rd2 Nc6 41.
Ne4 Rd8 42.Ng5 Re8 43.Kf3 h6 44.Ne4 Re6 45.Bc3 Be7 46.Rd5 Kf7 47.h4 g6 48.
h5 gxh5 49.Rxh5 Bf8 50.Rf5+ Ke7 51.Nf6 Kd8 52.Nd5 Re8 53.Rf6 Kc8 54.Rf7 
Be7 55.Rh7 Rf8+ 56.Kg2 Kd8 57.Rxh6 Kd7 58.Rh7 Ke6 59.Nf4+ Kf5 60.Kf3 Rg8 
1-0